000 00371nam a2200133Ia 4500
008 240624s9999 xx 000 0 und d
041 _aeng
082 _a332.6 CHA
100 _aCHAKRABARTI RAJESH
245 _aFINANCIAL SECTOR IN INDIA EMERGING ISSUE
260 _c2007
_aNew Delhi
_bOxford University press
300 _axviii, : 236 : p. : cm. ; 22
365 _cRS
_b30
999 _c12504
_d12504